01385 a2200301 4500003000500000005001700005010001600022020002400038020001700062040000900079082001200088100002500100245004900125260003000174300003300204440004800237440009800285505028600383650003600669650004800705650002800753650002700781700002600808942001200834999001900846952012000865952009800985Nust20221018112349.0 a 83013340 a008024212X (pbk.) : a0080242138 : cNust00a620,RAZ1 a Razevig D.V910058010aHigh-voltage engineering /cProf D.V.Razevig a Delhib Khanna Pubc1985 avii, 726p. :bill. ;c22 cm. 0aApplied electricity and electronics9100581 0aPergamon international library of science, technology, engineering, and social studies.97281 aInsulation in Electrical Power Systems (Page-5), Line and sub Station Insulation (Page-151), Insulation of Transformers, Generators, Cables and Condensers (Page-231), Preventive Testing of Insulation (Page-315), Lighting over Voltages (Page-369), Internal over Voltages (Page-573). 0aBreakdown (Electricity)9100582 0aElectric insulators and insulation.9100583 0aElectrical engineering. 0aHigh voltages.91005841 aZaengl, W. S.9100585 2ddccBK c182241d182241 00102ddc4070aMCSbMCScGENd2016-12-12o620,RAZpMCS6536r2016-12-08w2016-12-12yBKzAlmirah No.26, Shelf No.5 00102ddc40708NFICaMCSbMCSd2016-12-12l0o620 RAZpMCS6563r2016-12-08w2016-12-12yBK